• 首页
  • 本馆介绍
  • 公告通知
  • 最新文献
  • 馆藏检索
  • 电子资源
  • 读者导购
  • 参考咨询
  • 我的图书馆
  • 登录
  • 详细信息显示
  • 放入我的书架
  • 预约/预借图书
  • 作者相关作品
  • 分类相关作品
  • 丛书相关作品
  • 出版社相关作品

书目信息

  • 表格格式
  • 工作单格式
  • 卡片格式
题名:
超级女声内幕
    
 
作者: 三宝 编著
分册:  
出版信息: 北京   新华出版社  2006.01
页数: 188页
开本: 24cm
丛书名:
单 册:
中图分类: J692.7
科图分类:
主题词: 女性歌唱选拔赛--概况--中国(2005) , 女性歌唱选拔赛
电子资源:
ISBN: 7-5011-7374-5
000 00735nam0 2200241 450
001 0102880797
005 20070604084336.94
010    @a7-5011-7374-5@b精装@dCNY25.00
100    @a20060116d2006 em y0chiy0120 ea
101 0  @achi
102    @aCN@b110000
105    @aff z 000yy
200 1  @a超级女声内幕@Achao ji nu sheng nei mu@f三宝编著@Fsan bao bian zhu
210    @a北京@c新华出版社@d2006.01
215    @a188页@c照片@d24cm
330    @a本书图文并茂揭示了超级女声比赛中的趣事和内部消息,有一定的可读性。
606 0  @a女性歌唱选拔赛@X概况@Y中国(2005)
606 0  @a女性歌唱选拔赛
690    @aJ692.7@v4
701  0 @a三宝@4编著@9san bao
801    @acn@bbwkj@c20070604
905    @aBZT@dJ692.7@e2
906    @dCNY25.00@n0@r1
    
    超级女声内幕/三宝编著.-北京:新华出版社,2006.01
    188页:照片;24cm
    
    
    ISBN 7-5011-7374-5(精装):CNY25.00
    本书图文并茂揭示了超级女声比赛中的趣事和内部消息,有一定的可读性。
●
相关链接 在五车中查询图书 在当当中查询图书 在豆瓣中查询图书


正题名:超级女声内幕     索取号:J692.7/2         预约/预借

序号 登录号 条形码 馆藏地/架位号 状态 备注
1 460028   230060723   中心书库中库/ 中库021架A面5列6层39/ [索取号:J692.7/2] 在馆    
2 460029   230060724   中心书库中库/ 中库021架A面5列6层41/ [索取号:J692.7/2] 在馆    
3 460030   230060722   中心书库中库/ 中库021架A面5列6层28/ [索取号:J692.7/2] 在馆    
4 460031   230060725   中心书库中库/ 中库021架A面5列6层44/ [索取号:J692.7/2] 在馆    
5 460032   230060721   中心书库中库/ 中库021架A面5列6层30/ [索取号:J692.7/2] 在馆    
6 538179   230127501   中心书库中库/ 中库021架A面5列6层33/ [索取号:J692.7/2] 在馆    
7 538180   230127500   中心书库中库/ 中库021架A面5列6层32/ [索取号:J692.7/2] 在馆    
8 538181   230127499   中心书库中库/ 中库021架A面5列6层34/ [索取号:J692.7/2] 在馆    
9 538182   230127498   中心书库中库/ 中库021架A面5列6层29/ [索取号:J692.7/2] 在馆    
10 538183   230127497   中心书库中库/ 中库021架A面5列6层42/ [索取号:J692.7/2] 在馆    
11 538184   230127496   中心书库中库/ 中库021架A面5列6层43/ [索取号:J692.7/2] 在馆    
12 538185   230127495   中心书库中库/ 中库021架A面5列6层35/ [索取号:J692.7/2] 在馆    
13 538186   230127494   中心书库中库/ 中库021架A面5列6层40/ [索取号:J692.7/2] 在馆    
14 538187   230127493   中心书库中库/ 中库021架A面5列6层31/ [索取号:J692.7/2] 在馆    
15 538188   230127492   中心书库中库/ 中库021架A面5列6层27/ [索取号:J692.7/2] 在馆    
山东省滨州职业学院图书馆 欢迎您!
大连网信软件有限公司© 版权所有